El grado cero de la escritura (Record no. 185962)

MARC details
000 -LEADER
campo de control de longitud fija 00835nam a2200253 i 4500
001 - NÚMERO DE CONTROL
campo de control 185962
003 - IDENTIFICADOR DE NÚMERO DE CONTROL
campo de control SpMaBN
005 - FECHA Y HORA DE LA ÚLTIMA TRANSACCIÓN
campo de control 20250710064923.0
008 - DATOS DE LONGITUD FIJA--INFORMACIÓN GENERAL
campo de control de longitud fija 160830s1987 mx |||| | spa d
020 ## - NÚMERO INTERNACIONAL ESTÁNDAR DEL LIBRO
Número Internacional Estándar del Libro 968-23-0110-6
080 ## - NÚMERO DE LA CLASIFICACIÓN DECIMAL UNIVERSAL
Número de la Clasificación Decimal Universal 81'38
080 ## - NÚMERO DE LA CLASIFICACIÓN DECIMAL UNIVERSAL
Número de la Clasificación Decimal Universal 821.133.1.09
100 1# - ENTRADA PRINCIPAL--NOMBRE DE PERSONA
Nombre de persona Barthes, Roland.
9 (RLIN) 26125
245 13 - MENCIÓN DEL TÍTULO
Título El grado cero de la escritura
Resto del título ; seguido de Nuevos ensayos críticos /
Mención de responsabilidad, etc. por Roland Barthes ; traducción de Nicolás Rosa.
246 30 - FORMA VARIANTE DEL TITULO
Título propio/Titulo breve Nuevos ensayos críticos
250 ## - MENCION DE EDICION
Mención de edición 9ª ed. en español.
260 ## - PUBLICACIÓN, DISTRIBUCIÓN, ETC.
Lugar de publicación, distribución, etc. México :
Nombre del editor, distribuidor, etc. Siglo XXI,
Fecha de publicación, distribución, etc. 1987.
300 ## - DESCRIPCIÓN FÍSICA
Extensión 247 p. ;
Dimensiones 18 cm.
650 07 - PUNTO DE ACCESO ADICIONAL DE MATERIA--TÉRMINO DE MATERIA
Término de materia o nombre geográfico como elemento de entrada Estilística.
9 (RLIN) 12551
650 #4 - PUNTO DE ACCESO ADICIONAL DE MATERIA--TÉRMINO DE MATERIA
Término de materia o nombre geográfico como elemento de entrada Literatura francesa-
Subdivisión general Historia y crítica
9 (RLIN) 14586
700 1# - ENTRADA AGREGADA--NOMBRE PERSONAL
Nombre de persona Rosa, Nicolás.
9 (RLIN) 99608
852 ## - LOCALIZACIÓN
Ubicación ES-MaACL
Número de control de estantería L-30582
Nota libre . - Donat. Miguel A. Velasco
Holdings
Estatus retirado Estado de pérdida Estado de daño No para préstamo Biblioteca de origen Biblioteca actual Ubicación en estantería Fecha de adquisición Fuente de adquisición Total de préstamos Signatura topográfica completa Código de barras Visto por última vez Precio de reemplazo Tipo de ítem Koha
        Biblioteca del Ateneo de Madrid Biblioteca del Ateneo de Madrid Depósito 2 30/08/2016     L-30582 1196050 23/02/2023 23/02/2023 Libro impreso